000 00915nas a2200289 4500
001 BR0505090
003 BR-BrBNA
005 20231205105650.0
007 ta
008 230509b bl.|||p| |||| 00| 00por d
040 _aBR-BrBNA
_bpor
_cBiblioteca Nacional de Agricultura
041 _a(Pt)
072 _aF40; F70
100 1 _aAndrade, L.A. de
100 1 _aPereira, I.M.
100 1 _aLeite, U.T.
100 1 _aBarbosa, M.R.V.
245 1 _aAnálise da cobertura de duas fitofisionomias de caatinga, com diferentes históricos de uso, no município de São João do Cariri, Estado da Paraíba
650 _aCAATINGA
650 _aVEGETAÇÃO
650 _aECOLOGIA FLORESTAL
650 _aTAXONOMIA VEGETAL
650 _aPARAÍBA
773 0 _tCerne (Brazil)
_xISSN 0104-7760
_g(Jul-Sep 2005), v. 11(3) p. 253-262
_wBR0505090
909 _a202311
_bLúcia
_c55
_dLúcia Elande
942 _2AGRIS
_n0
_cANA
999 _c184043
_d184043